İsmet İnönü'ye armağan (Record no. 8681)

MARC details
000 -BAŞLIK
Sabit Uzunlukta Kontrol Alanı 00800na a2200241 4500
001 - KONTROL NUMARASI
Denetim Alanı 14016
003 - KONTROL NUMARASI IDENTIFIER
Denetim Alanı MIRAKIL
005 - SON İŞLEM TARİHİ VE ZAMANI
Denetim Alanı 20181213155220.0
008 - SABİT-BOY VERİ ELEMANLARI - GENEL BİLGİLER
Sabit Uzunlukta Kontrol Alanı 160908b tu 000 0
035 ## - SİSTEM KONTROL NUMARASI
Sistem Kontrol Numarası 14016
040 ## - KATALOGLAMA KAYNAK
Orijinal Kataloglama Ajansı Milas
Kataloglama Dili tur
Metne Dönüştürmek Ajansı TR-AnCHP
082 ## - DEWEY ONLU SINIFLANDIRMA NUMARASI
Sınıflandırma Numarası 923.1561 İnönü,İ.
Ürün Numarası İ75i 1999
090 ## - SINIFLAMA NUMARASI
Sınıflama Numarası 923.1561 İnönü,İ. İ75 1999
245 ## - BAŞLIK TABLOSU
Başlık İsmet İnönü'ye armağan
Sorumluluk Tablosu, Vb yayına hazırlayan Rahmi Kumaş
260 ## - YAYIN, DAĞITIM, VB
Yayın, Dağıtım, Vb Yeri Ankara
Yayıncı, Dağıtıcı, Vs Adı Birleşmiş Milletler Türk Derneği
Yayın, Dağıtım, Vb Tarihi 1999
300 ## - FİZİKSEL TANIM
Kapsam 267 s.
Boyutlar 21 sm.
600 ## - KONU KATMA GİRİŞ - KURUMSAL ADI
Kişisel Ad İnönü, İsmet
Bir Adıyla İlişkilendirilen Tarihler 1884-1973
Genel Alt Bölümü Siyaset ve yönetim
-- Eğitim politikası
600 ## - KONU KATMA GİRİŞ - KURUMSAL ADI
Kişisel Ad İnönü, İsmet
Bir Adıyla İlişkilendirilen Tarihler 1884-1973
Genel Alt Bölümü Armağan kitaplar
650 ## - KONU KATMA GİRİŞ - TOPİKAL DÖNEM
Topikal Süreli Veya Coğrafi Ad Giriş Elemanı Devlet adamları
651 ## - KONU KATMA GİRİŞ - COĞRAFİ ADI
Coğrafi İsim Türkiye
Genel Alt Bölümü Siyaset ve yönetim
Kronolojik Alt Bölümü 1923-1972
700 ## - KATMA GİRİŞ - KİŞİSEL İSİM
Kişisel Ad Kumaş, Rahmi
942 ## - EKLENDİ GİRİŞ ELEMANLARI (KOHA)
Sınıflandırma Veya Raf Düzeni Kaynak
Koha Öğesi Türü Books
999 ## - SİSTEM KONTROL NUMARALARI (KOHA)
Koha Biblionumber 8681
Koha Biblioitemnumber 8681
Holdings
Kalıcı Konum Mevcut Konum Edinme Tarihi Edinim Kaynak Toplam Check-Out'Lar Tam Çağrı Numarası Barkod Tarih Son Görülme İtibaren Geçerli Fiyatlar Koha Öğesi Türü
CHP Kütüphanesi CHP Kütüphanesi 08/23/2016 Bağış   923.1561 İnönü,İ. İ75 1999 001824 08/23/2016 08/23/2016 Books